Tous les clubs hollandais ayant participés à la Ligue des Champions - Statistiques

Statistiques générales
  • Ce quiz a été pris 72 fois
  • Le résultat moyen est 5 sur 10
Statistiques - réponses
1ère participation Dernière participation Nombres de victoires Clubs % Correct
1957-58 2025-26 33 Ajax
100%
1955-56 2026-27 29 PSV
99%
1961-62 2026-27 16 Feyenoord
91%
1981-82 2009-10 2 AZ Alkmaar
77%
2010-11 2010-11 1 Twente
68%
1959-60 1959-60 1 Sparta Rotterdam
39%
2000-01 2000-01 1 Heerenveen
26%
1964-65 1964-65 1 DWS Amsterdam
20%
1999-2000 1999-2000 1 Willem II
17%
1956-57 1956-57 1 Rapid JC
4%
Aucun quiz correspondant
Distribution des résultats
% des personnes avec chaque résultat
Percentile par nombre de réponses
Votre historique - résultats
Vous n’avez pas pris ce quiz